Quizzes
Events
Quiz Creation
Community
Videos
Private Events
Remove Ads
Sign In
Join for FREE
Feedback
Dark Mode
Quiz Categories
Sports
Geography
Music
Movies
Television
Just For Fun
Miscellaneous
History
Literature
Language
Science
Gaming
Entertainment
Religion
Holiday
For Kids
Quiz Lab
Recent
Popular Today
Quiz Kudos Today
Editor Picks
Curator Picks
Quizzes by...
Day
Popularity
Type
Ratings
Length
Year
Community
Subscriptions
Recent Discussions
Orange Saloon
Badges
Playlists
Quests
Create
Leaderboards
Showdown
Live 5
Trivia Bingo
Activity
Puzzle Library
Sporcle Events
Private Events
Virtual Trivia
Globe League
Become a Host
Pub Owners
SporcleCon
Opinionation
Our Games
Videos
Blog
Mobile Apps
Partnerships
Remove Ads and Go Orange
Feedback
Sports
Athletes
MLB
NBA
NHL
NFL
Soccer
Sports Teams
WWE
NCAA
Football
Premier League
Basketball
Baseball
Hockey
Golf
Tennis
Cricket
Rugby
Auto Racing
Olympics
World Cup
Sports
Athletes
MLB
NBA
NHL
NFL
Soccer
Sports Teams
WWE
NCAA
Football
Premier League
Basketball
Baseball
Hockey
Golf
Tennis
Cricket
Rugby
Auto Racing
Olympics
World Cup
Random Quiz
Search Sporcle
×
Quiz Lab
Quiz Lab
Sports
World Cup
Type in answers that appear in a list
Type in answers that appear in a list
Classic
Best Score? Go Orange.
World Cup managers - European countries (A-M) Stats
Name the managers of the European countries (A-M) at the World Cup.
By
iDom
20m
95 Questions
359 Plays
359 Plays
359 Plays
Comments
Comments
Give Quiz Kudos
Give Quiz Kudos
-
- Ratings
hide this ad
More Info
Replay
Link that replays current quiz
Next Quiz
Link to next quiz in quiz playlist
You Got
0%
They Got
Avg Score
38%
Avg Friend Score
Upgrade to see
Score Distribution
Jump to the score distribution portion of the page
Score
0/95
Timer
20:00
0
Plays Today
Country
Manager
% Correct
Germany
Hansi Flick
100%
France
Didier Deschamps
96.5%
England
Gareth Southgate
95.3%
Germany
Joachim Löw
95%
England
Fabio Capello
93.9%
Germany
Jürgen Klinsmann
92.5%
England
Sven-Göran Eriksson
91.4%
England
Roy Hodgson
91.2%
Italy
Marcello Lippi
90%
Belgium
Roberto Martínez
87.7%
France
Raymond Domenech
85.8%
Belgium
Marc Wilmots
84.5%
England
Alf Ramsey
83.6%
England
Bobby Robson
83.3%
Germany
Rudi Völler
81.6%
France
Aimé Jacquet
81.3%
Italy
Giovanni Trapattoni
79.4%
England
Glenn Hoddle
78.6%
Germany
Berti Vogts
77.7%
Denmark
Morten Olsen
76.9%
Croatia
Niko Kovač
76.1%
Greece
Otto Rehhagel
75.5%
Italy
Arrigo Sacchi
74.7%
Italy
Cesare Prandelli
73.6%
Italy
Cesare Maldini
71.6%
France
Roger Lemerre
67.7%
Italy
Enzo Bearzot
63.5%
Greece
Fernando Santos
61.3%
Croatia
Zlatko Dalić
60.2%
France
Henri Michel
54.9%
England
Walter Winterbottom
54.6%
Denmark
Kasper Hjulmand
54.3%
Country
Manager
% Correct
France
Michel Hidalgo
52.9%
Italy
Vittorio Pozzo
52.4%
Czech Republic
Karel Brückner
52.1%
England
Ron Greenwood
51.5%
Bosnia & Herzegovina
Safet Sušić
51.4%
Bulgaria
Dimitar Penev
45.4%
Belgium
Guy Thys
44.3%
Denmark
Åge Hareide
43.6%
Germany
Sepp Herberger
42.9%
Belgium
Raymond Goethals
42.6%
Croatia
Zlatko Kranjčar
41.5%
Denmark
Sepp Piontek
40.9%
Italy
Azeglio Vicini
40.1%
Croatia
Miroslav Blažević
39.8%
Italy
Ferruccio Valcareggi
37.6%
Hungary
Gusztáv Sebes
36.2%
Belgium
Paul Van Himst
35.9%
Czechoslovakia
Jozef Vengloš
34.3%
France
Albert Batteux
34%
Iceland
Heimir Hallgrímsson
33.6%
Austria
Hugo Meisl
32.9%
Belgium
Georges Leekens
29.5%
Bulgaria
Hristo Bonev
29.5%
Belgium
Robert Waseige
29.2%
Austria
Herbert Prohaska
29%
Germany
Otto Nerz
27%
Croatia
Mirko Jozić
26.7%
Austria
Josef Hickersberger
24.8%
Denmark
Bo Johansson
24.2%
Bulgaria
Rudolf Vytlačil
24%
Czechoslovakia
Rudolf Vytlačil
24%
Hungary
Károly Dietz & Alfréd Schaffer
21.4%
Country
Manager
% Correct
Czechoslovakia
Karel Petrů
20.9%
Italy
Edmondo Fabbri
20.6%
Austria
Walter Nausch
20.3%
Italy
Giovanni Ferrari & Paolo Mazza
20.1%
France
Pierre Pibarot
18.1%
Hungary
Lajos Baróti
17%
France
Henri Guérin
16.7%
Hungary
Kálmán Mészöly
16.2%
Italy
Lajos Czeizler
15%
Italy
Ferruccio Novo
11.7%
Austria
Helmut Senekowitsch
11.4%
Bulgaria
Ivan Vutsov
11.4%
Belgium
Doug Livingstone
10.3%
Austria
Felix Latzke & Georg Schmidt
9.2%
France
George Kimpton
9.2%
Austria
Karl Argauer
8.6%
France
Gaston Barreau
8.6%
Hungary
György Mezey
7.8%
Bulgaria
Stefan Bozhkov
6.4%
Greece
Alketas Panagoulias
6.4%
Czechoslovakia
Josef Marko
6.1%
Belgium
Hector Goetinck
5.8%
Czechoslovakia
Josef Meissner
5.6%
East Germany
Georg Buschner
5.6%
Belgium
Jack Butler
5%
Bulgaria
Hristo Mladenov
5%
France
Raoul Caudron
4.2%
Czechoslovakia
Karol Borhy
3.3%
Bulgaria
Georgi Pachedzhiev
2.8%
Czechoslovakia
Karel Kolský
2.8%
Hungary
Ödön Nádas
2.5%
Quiz Playlist
Details
Report
Send in Message
Add To Playlist
More Info:
* = replacement manager
Classic:
Type in answers that appear in a list
Quiz Source
Last Updated: Nov 20, 2022
Quiz Scoreboard
CHALLENGE
Sign Up to Join the Scoreboard
Show All
Scores
Hide
Comments
May contain spoilers
Recently Published
Movies - When Are They Set?
by FPL_Elf
Movies
5m
Popular People in 1961
by mucciniale
History
6m
1-10 Letter E Words III
by El_Dandy
Language
2m
More to Explore
Quiz From the Vault
Featured Blog Post
Where Did the Easter Bunny Come From?
hide this ad
You Might Also Like...
Tags
Country Quiz
Europe Quiz
World Cup Quiz
A-M
Manager
UEFA
Today's Top Quizzes in Sports
Browse Sports
hide this ad
Today's Top Quizzes in World Cup
Browse World Cup
Top Contributed Quizzes in Sports
1
Les meilleurs buteurs des matchs entre le PSG et l’OM
2
FIFA Club World Cup Champions
3
Les entraîneurs de l'OM et du PSG au 21e siècle
4
2022 World Cup Stars
5
Name the Premier League winners with different clubs
6
La finale Lions - Afrique du Sud 2021
7
Criteria MLB: Left Handed Sluggers
8
Les joueurs passés par le LOSC et le RC Lens
9
Players with Multiple 50 Home Run Seasons
10
MLB Players with Two .350 Batting Average Seasons
Explore More
Trending Topics
Marvel
Anime
Kpop
Disney
Harry Potter
Crossword
NBA
Pokémon
Country
Soccer
NFL
The Office
Puzzle
Song
WWE
hide this ad
More By:
iDom
Quiz
Plays
Rating
Category
Featured
Created
El Clasico La Liga XIs 2010-2015
17,558
4.75
Sports
Mar 5, 2014
2000s Champions in European club competitions
14,258
4.67
Sports
Aug 19, 2019
2010s Champions in European club competitions
13,719
5.00
Sports
Aug 19, 2019
Liverpool v Man Utd Premier League XIs 2017-2022
11,436
4.90
Sports
Oct 16, 2017
Merseyside derby Premier League XIs 2012-2017
11,261
4.70
Sports
Feb 27, 2014
Go to Creator's Profile
Score Distribution
Quiz Creator Spotlight
iDom
Follow
Send a Message
Quizzes Created
-
Created Quiz Play Count
-
More By This Creator
Popular Quizzes Today
1
Find the Countries of Europe - No Outlines Minefield
2
Find the US States - No Outlines Minefield
3
The Countries of the World
4
Popular People in 1961
5
US States
6
1-10 Letter E Words III
7
Find the US States
8
One Thing in Common: World Cities II
More Sports Quizzes
Sports Franchise Ending Points
Published
Trending Quizzes
Risky Map Clicking: Least Populous States A-Z
1-10 Letter F Words
1-10 Letter G Words
One Thing in Common: United Kingdom
Risky Map Clicking: Next State Alphabetically
Recently Updated
Leaping Animals
pecheneg
Reality TV Shows (A-Z)
bhenderson79
Rickey Henderson's Hall of Fame Teammates
pecheneg
Champions League XIs: Arsenal
pecheneg
Quick Pick: Celebrities in WWE's Hall of Fame
aduchscher
A-Z Keypad Blitz II
pecheneg
Multiple Oscar Actors
pecheneg
Mystery Phrase Blitz: Oscar 'Best Actors'
pecheneg
F. Scott Fitzgerald Novels
LTH
Pick 3 Villains
ddd62291
Trending Topics
Disney
Anime
NBA
Marvel
Crossword
Harry Potter
Kpop
WWE
The Office
NFL
Country
Song
Pokémon
Soccer
Puzzle
Your Account Isn't Verified!
In order to create a playlist on Sporcle, you need to verify the email address you used during registration. Go to your
Sporcle Settings
to finish the process.
Report this User
Report this user for behavior that violates our
Community Guidelines
.
Details:
Send Report
Go to the Sporcle.com Mobile Site →
Comments